000 00836 a2200205 4500
020 _a0122365429
040 _aDLC
_bDLC
082 0 0 _a384.33
100 1 _aEllis, Juanita.
245 1 0 _aVoice, video, and data network convergence: architecture and design, from VoIP to wireless
_barchitecture and design, from VoIP to wireless
_cJuanita Ellis, Charles Pursell, Joy Rahman
260 _aSan Diego, Calif. :
_bAcademic Press,
_cc2003.
300 _axxii, 330 p. :
_bill. ;
_c24 cm.
500 _aIncludes index.
650 0 _aConvergence (Telecommunication)
700 1 _aPursell, Charles.
700 1 _aRahman, Joy.
856 4 2 _3Publisher description
_uhttp://www.loc.gov/catdir/description/els031/2003050271.html
856 4 2 _3Table of contents
_uhttp://www.loc.gov/catdir/toc/els031/2003050271.html
942 _cBK
_k384.33 ELL
_2ddc
999 _c9444
_d9444